00682nam a2200205 a 450000100100000000500170001000800410002704000250006808200170009310000200011024500960013026000530022630000280027949000160030750400730032365000210039665000120041770000310042983000160046000003486720200930073943.0111020s1965 mx a 000 0 spa d aDO-SdBNPbspacBNPHU a539.7bF917f1 aFrisch, Otto R.13aLa física atómica contemporánea /cOtto R. Frisch ; traducción Juan Almela Castell. aMéxico :bFondo de Cultura Económica,c1965. a249 p. :bil. ;c17 cm.1 aPopularv69 aIncluye referencias bibliográficas y notas al pie de las páginas 4aFísica nuclear 4aÁtomo12aAlmela Castell, Juan,etr. 0aPopularn69